III Coloquio en didáctica de las matemáticas: apuntes
Saved in:
| Hovedforfatter: | |
|---|---|
| Format: | Bog |
| Sprog: | fransk |
| Udgivet: |
Valparaíso
Universidad Católica de Valparaíso
2000
|
| Fag: | |
| Tags: |
Tilføj Tag
Ingen Tags, Vær først til at tagge denne postø!
|
MARC
| LEADER | 00000nam a2200000 a 4500 | ||
|---|---|---|---|
| 001 | UCN3414 | ||
| 003 | CL-VaPUC | ||
| 005 | 20240705074028.0 | ||
| 008 | 010629e20000000cl 1 fre d | ||
| 082 | 0 | 4 | |a 372.7 |b DUV |9 606541 |2 21 |
| 100 | 1 | |a Duval, Raymond |e author |9 619918 | |
| 245 | 1 | 0 | |a III Coloquio en didáctica de las matemáticas: apuntes |
| 260 | |a Valparaíso |b Universidad Católica de Valparaíso |c 2000 | ||
| 300 | |a pág. irreg | ||
| 583 | |a last modification |c 20171004 12:17:34 |k Rodrigo Vera | ||
| 600 | 1 | 7 | |a DUV |9 606541AL, RAYMOND |2 CL-VaPUC |
| 650 | 0 | 0 | |a Matemáticas |x Enseñanza |9 875527 |
| 942 | |c BK | ||
| 945 | |a rbrito |d 20010629 00:00:00 | ||
| 546 | |a En Francés | ||
| 536 | |a Instituto de Matemáticas, UCV | ||
| 518 | |p Coloquio en Didáctica de la Matemática, 3, Valparaíso, 2 y 3 noviembre del 2000 | ||
| 999 | |c 383665 |d 383663 | ||
| 952 | |0 0 |1 0 |4 0 |6 372_700000000000000_DUV |7 0 |8 A |9 505870 |a BIBMAT |b BIBMAT |c E_DIDACT |d 2020-01-23 |i 3671550 |l 1 |o 372.7 DUV |p 3671550 |r 2025-01-07 |s 2024-10-04 |w 2020-01-23 |y BK |k MAT | ||